<?xml version="1.0" encoding="UTF-8"?><record xmlns="http://www.loc.gov/MARC21/slim" xmlns:zs="http://docs.oasis-open.org/ns/search-ws/sruResponse">
  <leader>02882nkm a22006253  4500</leader>
  <controlfield tag="001">23732266</controlfield>
  <controlfield tag="005">20250607130421.9</controlfield>
  <controlfield tag="006">m    |o  d |      </controlfield>
  <controlfield tag="007">cr |||||||||||</controlfield>
  <controlfield tag="007">ki || </controlfield>
  <controlfield tag="008">240318s1947    xx nnn g      o   |n|||  </controlfield>
  <datafield ind1=" " ind2=" " tag="035">
    <subfield code="a">23732266</subfield>
  </datafield>
  <datafield ind1=" " ind2=" " tag="906">
    <subfield code="a">0</subfield>
    <subfield code="b">ibc</subfield>
    <subfield code="c">orignew</subfield>
    <subfield code="d">u</subfield>
    <subfield code="e">ncip</subfield>
    <subfield code="f">20</subfield>
    <subfield code="g">y-genmusic</subfield>
  </datafield>
  <datafield ind1=" " ind2=" " tag="010">
    <subfield code="a">  2023868182</subfield>
  </datafield>
  <datafield ind1=" " ind2=" " tag="035">
    <subfield code="a">(DLC)gottlieb.07191</subfield>
  </datafield>
  <datafield ind1=" " ind2=" " tag="040">
    <subfield code="a">DLC</subfield>
    <subfield code="b">eng</subfield>
    <subfield code="c">DLC</subfield>
  </datafield>
  <datafield ind1="1" ind2=" " tag="100">
    <subfield code="a">Gottlieb, William P.,</subfield>
    <subfield code="e">photographer.</subfield>
  </datafield>
  <datafield ind1="1" ind2="0" tag="245">
    <subfield code="a">[Portrait of Boyd Raeburn, Ginnie Powell, vocalist Johnson, Irv Kluger, Pete Candoli, Wes Hensel, Gordon Boswell, Hy Mandell, Randy Bellerjeau, Abe Markowitz, and Buddy De Franco, Nola's, New York, N.Y., ca. Feb. 1947].</subfield>
  </datafield>
  <datafield ind1=" " ind2="0" tag="264">
    <subfield code="c">1947.</subfield>
  </datafield>
  <datafield ind1=" " ind2=" " tag="300">
    <subfield code="a">1 online resource.</subfield>
  </datafield>
  <datafield ind1=" " ind2=" " tag="336">
    <subfield code="a">still image</subfield>
    <subfield code="b">sti</subfield>
    <subfield code="2">rdacontent</subfield>
  </datafield>
  <datafield ind1=" " ind2=" " tag="337">
    <subfield code="a">computer</subfield>
    <subfield code="b">c</subfield>
    <subfield code="2">rdamedia</subfield>
  </datafield>
  <datafield ind1=" " ind2=" " tag="338">
    <subfield code="a">online resource</subfield>
    <subfield code="b">cr</subfield>
    <subfield code="2">rdacarrier</subfield>
  </datafield>
  <datafield ind1=" " ind2=" " tag="500">
    <subfield code="a">Caption from Down Beat: Ginnie Powell, vocalist and Boyd's wife; male vocalist Jay Johnson; (back row) drummer Irving Kluger; Pete Candoli, Wes Hensel and Gordon Boswell, trumpets; (front row) Hy Mandell, baritone; Randy Bellerjeau, trombone; Abe Markowitz (behind Boyd's hand) alto; and Buddy De Franco, clarinet</subfield>
  </datafield>
  <datafield ind1=" " ind2=" " tag="500">
    <subfield code="a">Gottlieb Collection Assignment No. 272</subfield>
  </datafield>
  <datafield ind1=" " ind2=" " tag="500">
    <subfield code="a">In: "Nola Studios is meeting place for NYC musicians," Down Beat, v. 14, no. 5 (Feb. 26, 1947), p. 15.</subfield>
  </datafield>
  <datafield ind1=" " ind2=" " tag="500">
    <subfield code="a">Reference print available in Music Division, Library of Congress.</subfield>
  </datafield>
  <datafield ind1=" " ind2=" " tag="534">
    <subfield code="p">Original negative or transparency:</subfield>
    <subfield code="e">1 negative : b&amp;w ; 3 1/4 x 4 1/4 in.</subfield>
    <subfield code="l">Library of Congress Prints and Photographs Division.</subfield>
    <subfield code="n">Originals not served.</subfield>
  </datafield>
  <datafield ind1=" " ind2=" " tag="540">
    <subfield code="a">Mr. Gottlieb has dedicated these works to the public domain, but rights of privacy and publicity may apply.</subfield>
  </datafield>
  <datafield ind1=" " ind2=" " tag="541">
    <subfield code="3">Originals</subfield>
    <subfield code="c">Purchase;</subfield>
    <subfield code="a">William P. Gottlieb,</subfield>
    <subfield code="d">1995-1997</subfield>
  </datafield>
  <datafield ind1="0" ind2=" " tag="588">
    <subfield code="a">Record created through migration from the Performing Arts Encyclopedia Database.</subfield>
  </datafield>
  <datafield ind1=" " ind2="0" tag="650">
    <subfield code="a">Big bands</subfield>
    <subfield code="y">1940-1950</subfield>
  </datafield>
  <datafield ind1=" " ind2="0" tag="650">
    <subfield code="a">Conductors (Music)</subfield>
    <subfield code="y">1940-1950</subfield>
  </datafield>
  <datafield ind1=" " ind2="0" tag="650">
    <subfield code="a">Jazz musicians</subfield>
    <subfield code="y">1940-1950</subfield>
  </datafield>
  <datafield ind1=" " ind2="0" tag="650">
    <subfield code="a">Jazz singers</subfield>
    <subfield code="y">1940-1950</subfield>
  </datafield>
  <datafield ind1=" " ind2="0" tag="650">
    <subfield code="a">Women jazz musicians</subfield>
    <subfield code="y">1940-1950</subfield>
  </datafield>
  <datafield ind1=" " ind2=" " tag="653">
    <subfield code="a">Bellerjeau, Randy</subfield>
  </datafield>
  <datafield ind1=" " ind2=" " tag="653">
    <subfield code="a">Boswell, Gordon</subfield>
  </datafield>
  <datafield ind1=" " ind2=" " tag="653">
    <subfield code="a">Candoli, Pete, 1923-</subfield>
  </datafield>
  <datafield ind1=" " ind2=" " tag="653">
    <subfield code="a">De Franco, Buddy, 1923-</subfield>
  </datafield>
  <datafield ind1=" " ind2=" " tag="653">
    <subfield code="a">Hensel, Wes</subfield>
  </datafield>
  <datafield ind1=" " ind2=" " tag="653">
    <subfield code="a">Johnson, Jay, vocalist</subfield>
  </datafield>
  <datafield ind1=" " ind2=" " tag="653">
    <subfield code="a">Kluger, Irv</subfield>
  </datafield>
  <datafield ind1=" " ind2=" " tag="653">
    <subfield code="a">Mandell, Hy</subfield>
  </datafield>
  <datafield ind1=" " ind2=" " tag="653">
    <subfield code="a">Markowitz, Abe</subfield>
  </datafield>
  <datafield ind1=" " ind2=" " tag="653">
    <subfield code="a">Powell, Ginnie</subfield>
  </datafield>
  <datafield ind1=" " ind2=" " tag="653">
    <subfield code="a">Raeburn, Boyd, 1913-1966</subfield>
  </datafield>
  <datafield ind1=" " ind2=" " tag="653">
    <subfield code="a">Nola's</subfield>
  </datafield>
  <datafield ind1=" " ind2="7" tag="655">
    <subfield code="a">Group portraits</subfield>
    <subfield code="y">1940-1950.</subfield>
    <subfield code="2">gmgpc</subfield>
  </datafield>
  <datafield ind1=" " ind2="7" tag="655">
    <subfield code="a">Portrait photographs</subfield>
    <subfield code="y">1940-1950.</subfield>
    <subfield code="2">gmgpc</subfield>
  </datafield>
  <datafield ind1="0" ind2=" " tag="787">
    <subfield code="i">Online images scanned from:</subfield>
    <subfield code="t">Gottlieb Jazz Photograph Collection</subfield>
    <subfield code="w">(DLC)  99401005</subfield>
  </datafield>
  <datafield ind1="8" ind2=" " tag="852">
    <subfield code="b">c-Music</subfield>
    <subfield code="h">Electronic resource</subfield>
  </datafield>
  <datafield ind1="4" ind2="1" tag="856">
    <subfield code="u">http://hdl.loc.gov/loc.music/gottlieb.07191</subfield>
  </datafield>
  <datafield ind1=" " ind2=" " tag="985">
    <subfield code="a">pae-migration</subfield>
  </datafield>
  <datafield ind1=" " ind2=" " tag="985">
    <subfield code="e">music/musgottlieb</subfield>
  </datafield>
</record>
